THE COMPARISON OF RED TILAPIA AND NILE TILAPIA IN BIOFLOC SYSTEM. ការប្រៀបធៀបត្រីទីឡាព្យ៉ាក្រហម និងត្រីទីឡាព្យ៉ាឆ្មូតក្នុងលក្ខខណ្ឌប្រព័ន្ទប៊ីយូហ្លុក (Record no. 22614)

000 -LEADER
fixed length control field 00706nam a22001337a 4500
040 ## - CATALOGING SOURCE
Transcribing agency RUA
082 ## - DEWEY DECIMAL CLASSIFICATION NUMBER
Classification number FIS YOR 2021 B473 Or.
100 ## - MAIN ENTRY--AUTHOR NAME
Personal name YORNG SOKCHAMROEUN យ៉ង់ សុខចំរើន
245 ## - TITLE STATEMENT
Title THE COMPARISON OF RED TILAPIA AND NILE TILAPIA IN BIOFLOC SYSTEM. ការប្រៀបធៀបត្រីទីឡាព្យ៉ាក្រហម និងត្រីទីឡាព្យ៉ាឆ្មូតក្នុងលក្ខខណ្ឌប្រព័ន្ទប៊ីយូហ្លុក
260 ## - PUBLICATION, DISTRIBUTION, ETC. (IMPRINT)
Place of publication Phnom Penh
Name of publisher RUA
Year of publication 2021
300 ## - PHYSICAL DESCRIPTION
Number of Pages XI.42P
Other physical details VIII.
Dimensions 29CM
856 ## - ELECTRONIC LOCATION AND ACCESS
Uniform Resource Identifier https://drive.google.com/file/d/1vsYc_vGt0LKZaJ1zTxiPiFDFbqoJaYQB/view?usp=sharing
942 ## - ADDED ENTRY ELEMENTS (KOHA)
Koha item type FIS
952 ## - LOCATION AND ITEM INFORMATION (KOHA)
Withdrawn status [LOCAL, KOHA] 0
952 ## - LOCATION AND ITEM INFORMATION (KOHA)
Withdrawn status [LOCAL, KOHA] 0
952 ## - LOCATION AND ITEM INFORMATION (KOHA)
Withdrawn status [LOCAL, KOHA] 0
952 ## - LOCATION AND ITEM INFORMATION (KOHA)
Withdrawn status [LOCAL, KOHA] 0
Holdings
Permanent Location Date acquired Koha item type Lost status Shelving location Barcode Current Location Full call number
Library Block B2024-03-19FIS B473a078316Library Block BFIS YOR 2021 B473 Or.
Library Block B2024-03-19FIS B473a078510Library Block BFIS YOR 2021 B473 Or.
Library Block B2024-03-19FIS B473a078620Library Block BFIS YOR 2021 B473 Or.
Library Block B2024-03-19FIS B473a078500Library Block BFIS YOR 2021 B473 Or.
មជ្ឈមណ្ឌលឯការនៃសាកលវិទ្យាល័យភូមិន្ទកសិកម្មចំការដូង

Powered by Koha